| 000 | 00756nam a2200169 a 4500 | ||
|---|---|---|---|
| 008 | 120416s1971 ||||||||||||||||| || u | ||
| 050 | _aREF TJ 151 Obe | ||
| 100 | _aJones, Franklin D | ||
| 245 | 1 | 0 |
_aMachinery's handbook: a reference book for the mechanical engineer, draftsman, toolmaker and machinist _cby Erik Oberg and Franklin D. Jones |
| 250 | _a19th rev. | ||
| 260 |
_aNew York _bIndustrial Press _c1971 |
||
| 300 | _axi, 2420p. : ill | ||
| 350 | _a0.00 | ||
| 700 | _aOberg, Erik | ||
| 995 |
_aREFERENCE BOOKS _D0.00 _e720607 _FCBU-MAIN LIBRARY (Kitwe) _H2 _I30.00 _jTJ 151 Obe _UREFERENCE _y720607 _ZReference Collection |
||
| 995 |
_aREFERENCE BOOKS _D0.00 _e720509 _FCBU-MAIN LIBRARY (Kitwe) _H1 _I30.00 _jTJ 151 Obe _UAVAILABLE _y720509 _ZReference Collection |
||
| 999 |
_c82276 _d82276 |
||